Turystyka w gminie Bierawa - możliwości i ograniczenia

Titel: Turystyka w gminie Bierawa - możliwości i ograniczenia
Verfasser:
In: Szkice ke̜dzierzyńsko-kozielskie, Band 10 (2005), Seite 90-98, fot. 2
alle Artikel anzeigen
Veröffentlicht: 2005
Format: Aufsatz
Sprache: Polnisch
Kein Bild verfügbar
X
alg: 39450127
001A    $01999:12-11-16 
001B    $01999:30-05-21 $t22:09:31.000 
001C    $06050:19-11-16 $t09:34:12.000 
001D    $01999:12-11-16 
001U    $0utf8 
001X    $00 
002@    $0Aox 
003@    $0394501276 
007A    $0394501276 $aHEB 
007T    $0Herdww029392 
010@    $apol 
011@    $a2005 
021A    $aTurystyka w gminie Bierawa - możliwości i ograniczenia 
027A    $aDie Touristik in der Gemeinde Birawa - die Möglichkeiten der Begrenzung 
028A    $aDrobek $dWiesław 
031A    $d10 $h90-98, fot. 2 $j2005 
039B    $aIn $8--Abvc--. Szkice ke̜dzierzyńsko-kozielskie. - Kędzierzyn-Koźle : Towarzystwo Ziemi Kozielskiej, 1985-. - ISSN 0860-1062 $x200500000100000910 $9048584932 
045F    $a307.094385 $eDDC23BSB 
045F/01 $a307.09 
045F/03 $g4385 
045T    $a-OST $qDE-12 $2FID 
045T    $a7,41 
046C    $aDie Touristik in der Gemeinde Birawa - die Möglichkeiten der Begrenzung $bÜbers. des Hauptsacht. 

lok: 39450127 78

exp: 39450127 78 1 #EPN
201B/01 $018-11-16 $t11:48:41.000 
201U/01 $0utf8 
203@/01 $0790611694 
208@/01 $a12-11-16 $be 
209A/01 $a/ $f000 $x00 
220C/01 $aTitelaufnehmer: EV 
220C/01 $aHerkunft: IH UWr 
244Z/01 $2Trx $#Silesia $#Śląsk $#Sliezsko $#Slezsko $8--Trx--Schlesien $x01 $9391173987 
244Z/01 $2Trx $#Birawa Kandrzin-Cosel $8--Trx--Bierawa$gKędzierzyn-Koźle, gmina $x02 $9391197819 
244Z/01 $aGeschichte 1973-2003 $x03 
244Z/01 $2Trx $#keskkond, looduslik $#natūrali aplinka $#Environment, natural $#környezet, természetes $#środowisko naturalne $#prírodné prostredie $#prostředí přírodní $#Landschaft $#krajobraz $#krajina $#krajina $8--Trx--Umwelt, natürliche $x04 $9391354744 
244Z/01 $2Trx $#turism $#turizmas $#tourism $#turizmus $#turystyka $#cestovný ruch $#cestovní ruch $#Fremdenverkehr $8--Trx--Tourismus $x05 $9391361392 
244Z/01 $2Trx $8--Trx--Zeitschriftenaufsatz $x06 $9391384341 
245Z/01 $a13.02 $x01 
245Z/01 $a11.03 $x02 
247C/01 $82080>Marburg/Lahn, Herder-Institut, Forschungsbibliothek, Bibliographieportal $9336309341
LEADER 00000caa a22000002c 4500
001 394501276
003 DE-603
005 20210530220931.0
007 tu
008 161112s2005 xx |||| | u00||u|pol c
035 |a (DE-599)HEB394501276 
040 |a DE-603  |b ger  |c DE-603  |d DE-603 
041 |a pol 
082 0 4 |8 1\u  |a 307.094385  |q DE-101  |2 23/BSB 
084 |a -OST  |q DE-12  |2 fid 
084 |a 7,41  |2 ssgn 
085 |8 1\u  |b 307.09 
085 |8 1\u  |z 2  |s 4385 
100 1 |a Drobek, Wiesław 
245 0 0 |a Turystyka w gminie Bierawa - możliwości i ograniczenia 
246 1 |i Übers. des Hauptsacht.  |a Die Touristik in der Gemeinde Birawa - die Möglichkeiten der Begrenzung 
246 1 3 |a Die Touristik in der Gemeinde Birawa - die Möglichkeiten der Begrenzung 
264 0 |c 2005 
773 0 8 |i In  |t Szkice ke̜dzierzyńsko-kozielskie  |d Kędzierzyn-Koźle : Towarzystwo Ziemi Kozielskiej, 1985-  |x 0860-1062  |g Band 10 (2005), Seite 90-98, fot. 2  |w (DE-603)048584932  |w (DE-600)1080389-0 
924 0 |9 2080  |a (DE-603)790611694  |b DE-2080  |c HES  |d d  |g /